000 00815nab a2200253 u 4500
001 17509
003 HDC
007 cr bn ---aaaaa
008 210223c mydr|noo 0 a may d
040 _aHDC
100 _aMohd Zin Ali
_eauthor
_916864
245 0 _a52 disenarai laksana ladang /
_cby Mohd Zin Ali
260 _aMalaysia :
_bBerita Harian ,
_c2002
336 _atext
_2rdacontent
337 _acomputer
_2rdamedia
338 _aonline resource
_2rdacarrier
650 _aagriculture project
_916069
650 _atechnology
_94714
710 _aBerita Harian,
856 _zRequest full-text at [email protected]
942 _2lcc
942 _cNEWS
942 _kNWSO 008685
999 _c14825
_d14825